=LDR 00000nam 2200000 4500 =001 INLIS000000000032682 =005 20130612134659 =008 ***********************************ind** =035 ##$$a0010-061300000032682 =041 ##$$a ind =082 ##$$a 2x1.4 =090 ##$$a 2x1.4, Gha m =100 ##$$a Ghazali, Imam =245 ##$$a Misteri Dan Keajaiban Ayat-Ayat Seribu Dinar, Imam Ghazali;Penyunting,Muhammad Nuh =260 ##$$a 2009 $b [sn] =300 ##$$a viii,256 hlm, 20 cm =650 ##$$a Kumpulan Ayat-Ayat =700 ##$$a Nuh, Muhammad =850 ##$$a NBPNMAT =990 ##$$a 0001/BPAP-NTB/20142014